Process modelling, simulation and control for chemical engineers
Αποθηκεύτηκε σε:
| Κύριος συγγραφέας: | |
|---|---|
| Μορφή: | Βιβλίο |
| Γλώσσα: | English |
| Δημοσίευση: |
New York ; St. Louis :
McGraw-Hill,
c1990
|
| Έκδοση: | 2nd ed. |
| Σειρά: | McGraw-Hill chemical engineering series
|
| Θέματα: | |
| Ετικέτες: |
Προσθήκη ετικέτας
Δεν υπάρχουν, Καταχωρήστε ετικέτα πρώτοι!
|
MARC
| LEADER | 00000nam a2200000 i 4500 | ||
|---|---|---|---|
| 001 | 1/102495 | ||
| 008 | 000329s1990 eng d | ||
| 020 | |a 0-07-100793-8 | ||
| 035 | |l 10058106 | ||
| 040 | |a GR-MY-UA |b gre |e aacr | ||
| 041 | 0 | |a eng | |
| 082 | 0 | |a 660.281 | |
| 100 | 1 | |a Luyben, William L. | |
| 245 | 1 | 0 | |a Process modelling, simulation and control for chemical engineers / |c William L. Luyben |
| 250 | |a 2nd ed. | ||
| 260 | |a New York ; St. Louis : |b McGraw-Hill, |c c1990 | ||
| 300 | |a xxiii, 725 p.; |b ill.; |c 24 cm. | ||
| 490 | 1 | |a McGraw-Hill chemical engineering series | |
| 504 | |a Includes bibliographical references and index | ||
| 650 | 0 | 0 | |a Chemical processes |x Mathematical models. |
| 650 | 0 | 0 | |a Chemical processes |x Data processing. |
| 650 | 0 | 0 | |a Chemical process control. |
| 830 | 0 | |a McGraw-Hill chemical engineering series | |
| 852 | |a INST |b SAMOS |e 20000329 |h 660.281 LUY |p 005300015522 |q 005300015522 |t BK |y 0 | ||
| 901 | |a BIBL3-2000-1 | ||
| 909 | |a Σ |b 074960 | ||
| 922 | |a 3ΕΛΗ |b 200002 |c ΚΠΣ |d ΠΑΠΑΣΩΤΗΡΙΟΥ | ||
| 950 | |a 116-2000-01-12 | ||
| 970 | |a ΓΕΝΟΥΖΟΥ |b ΧΡΥΣΑΝΘΗ |z 2000/03/29 | ||